000 00378nam a2200121Ia 4500
008 170224s9999 xx 000 0 und d
245 _aFailures to change stimulus evaluations by means of subliminal approach and avoidance training.
260 _bJournal of Personality and Social Psychology
260 _c2016
300 _a110:1
500 _aJanuary
650 _xPsychology.
999 _c316488
_d316488